[Event "Zalakaros op 43rd"]
[Site "Zalakaros"]
[Date "2024.05.29"]
[Round "5"]
[White "Nagy, Kristof"]
[Black "Borocz, Lorinc"]
[Result "1/2-1/2"]
[WhiteElo "2204"]
[BlackElo "1947"]
[PlyCount "38"]
[EventDate "2024.05.25"]
[EventType "swiss"]
[EventRounds "9"]
[EventCountry "HUN"]
[SourceTitle "CBM 220 Extra"]
[Source "ChessBase"]
[SourceDate "2024.07.31"]
[SourceVersion "1"]
[SourceVersionDate "2024.07.31"]
[SourceQuality "1"]

1. e4 c5 2. Nf3 Nc6 3. d4 cxd4 4. Nxd4 e5 5. Nb5 d6 6. a4 Nf6 7. N1c3 a6 8. Na3 Be7 9. Bg5 Be6 10. Bxf6 Bxf6 11. Nd5 Ne7 12. Bc4 Nxd5 13. Bxd5 Qa5+ 14. c3 Bxd5 15. exd5 0-0 16. 0-0 Qc7 17. Qd3 g6 18. Qc4 Qd7 19. f4 exf4 1/2-1/2

[Event "Zalakaros op 43rd"]
[Site "Zalakaros"]
[Date "2024.05.28"]
[Round "4"]
[White "Borocz, Lorinc"]
[Black "Meszaros, Andras"]
[Result "1/2-1/2"]
[WhiteElo "1947"]
[BlackElo "2132"]
[PlyCount "264"]
[EventDate "2024.05.25"]
[EventType "swiss"]
[EventRounds "9"]
[EventCountry "HUN"]
[SourceTitle "CBM 220 Extra"]
[Source "ChessBase"]
[SourceDate "2024.07.31"]
[SourceVersion "1"]
[SourceVersionDate "2024.07.31"]
[SourceQuality "1"]

1. e4 e5 2. Nf3 Nc6 3. d4 exd4 4. Nxd4 g6 5. Nc3 Bg7 6. Be3 Nf6 7. Qd2 0-0 8. Be2 Re8 9. f3 d5 10. Nxc6 bxc6 11. 0-0-0 Qe7 12. Bh6 Bxh6 13. Qxh6 Rb8 14. a3 dxe4 15. Qf4 Nd5 16. Nxd5 cxd5 17. Rxd5 exf3 18. Bxf3 Bb7 19. Rb5 Bxf3 20. Rxb8 Rxb8 21. Qxf3 Qe5 22. c3 Qg5+ 23. Kc2 Qb5 24. b4 Rd8 25. Rb1 Qc4 26. Rb2 Re8 27. Kc1 Re1+ 28. Kd2 Re5 29. Kd1 Rf5 30. Qe3 Qf1+ 31. Kc2 Rf2+ 32. Kb3 Qd1+ 33. Ka2 Qd5+ 34. Ka1 Rf1+ 35. Rb1 Rxb1+ 36. Kxb1 Qb3+ 37. Kc1 Qxa3+ 38. Kb1 Qb3+ 39. Kc1 Qc4 40. Kb2 a6 41. Qe5 Qc6 42. Qe2 Qe6 43. Qf3 Kg7 44. Qf2 h5 45. h3 Qd5 46. Qe2 Qb5 47. Qe4 Qb6 48. Qe2 Kf6 49. Qe1 a5 50. Qf1+ Kg7 51. Qe1 axb4 52. cxb4 Qd4+ 53. Ka3 c6 54. Qe2 Qd5 55. Qf2 f5 56. Kb2 Qc4 57. Qd2 Qe6 58. Ka3 Kf6 59. Qc3+ Ke7 60. Qc5+ Qd6 61. Qc3 Ke6 62. Qf3 Qd5 63. Qg3 Kf6 64. Qc3+ Kf7 65. Qg3 Qd7 66. Qe3 Qe7 67. Qc3 Qf6 68. Qf3 h4 69. Qd3 Qe6 70. Qd2 Qe4 71. Qd7+ Kf6 72. Qd8+ Ke5 73. Qe8+ Kf6 74. Qd8+ Kg7 75. Qd2 Qc4 76. Qe3 Kf6 77. Qe1 Qd3+ 78. Kb2 Qe4 79. Qd2 Ke5 80. Ka3 f4 81. Qc3+ Ke6 82. Qb2 Kf5 83. Ka4 Qd3 84. Qf2 Qb5+ 85. Kb3 Qd5+ 86. Ka4 g5 87. Qe2 Qb5+ 88. Qxb5+ cxb5+ 89. Kxb5 g4 90. hxg4+ Kxg4 91. Kc5 Kg3 92. b5 Kxg2 93. b6 f3 94. b7 f2 95. b8Q f1Q 96. Qg8+ Kh2 97. Qb8+ Kh1 98. Qh8 Qf2+ 99. Kb5 Qf1+ 100. Kb4 Qf4+ 101. Kb5 Qe4 102. Qh5 Kh2 103. Ka6 h3 104. Qh6 Qd3+ 105. Ka5 Qc3+ 106. Ka4 Qd4+ 107. Ka5 Qd5+ 108. Ka4 Kg3 109. Qg7+ Kh4 110. Qf6+ Qg5 111. Qf2+ Kh5 112. Qf7+ Qg6 113. Qd5+ Kh4 114. Qd8+ Qg5 115. Qh8+ Kg3 116. Qc3+ Kh4 117. Qh8+ Kg4 118. Qc8+ Qf5 119. Qg8+ Kf3 120. Qb3+ Kf4 121. Qb8+ Ke3 122. Qg3+ Qf3 123. Qe1+ Kf4 124. Qd2+ Kg3 125. Qe1+ Kf4 126. Qd2+ Ke5 127. Qg5+ Qf5 128. Qe7+ Qe6 129. Qg5+ Kd6 130. Qd2+ Qd5 131. Qh2+ Kc5 132. Qxh3 Qc4+ 1/2-1/2

[Event "Zalakaros op 43rd"]
[Site "Zalakaros"]
[Date "2024.05.27"]
[Round "3"]
[White "Cseke, Mihaly"]
[Black "Borocz, Lorinc"]
[Result "1/2-1/2"]
[WhiteElo "1864"]
[BlackElo "1947"]
[PlyCount "84"]
[EventDate "2024.05.25"]
[EventType "swiss"]
[EventRounds "9"]
[EventCountry "HUN"]
[SourceTitle "CBM 220 Extra"]
[Source "ChessBase"]
[SourceDate "2024.07.31"]
[SourceVersion "1"]
[SourceVersionDate "2024.07.31"]
[SourceQuality "1"]

1. e4 c5 2. Nf3 Nc6 3. d4 cxd4 4. Nxd4 Nf6 5. Nc3 e5 6. Ndb5 d6 7. Bg5 a6 8. Na3 b5 9. Nd5 Be7 10. Bxf6 Bxf6 11. c3 Bg5 12. Nc2 Rb8 13. Nce3 Be6 14. a4 0-0 15. axb5 axb5 16. b4 Bxe3 17. Nxe3 Qc7 18. Be2 Ne7 19. 0-0 Rfd8 20. Bg4 Bxg4 21. Qxg4 Ra8 22. Rac1 Qc8 23. Qg5 f6 24. Qh5 Qb7 25. Qg4 Qc8 26. Qe2 Qb7 27. f3 d5 28. exd5 Nxd5 29. Nxd5 Qxd5 30. Rfd1 Qc6 31. Qc2 Qc4 32. Kf2 Rdc8 33. Qe2 Ra2 34. Rd2 Rxd2 35. Qxd2 Ra8 36. Qe2 Ra2 37. Rc2 Qh4+ 38. Ke3 Qf4+ 39. Kf2 Qh4+ 40. Ke3 Qf4+ 41. Kf2 Ra1 42. g3 Qh6 1/2-1/2

[Event "HUN-chT1 Charousek 2324"]
[Site "Hungary"]
[Date "2024.04.07"]
[Round "9.11"]
[White "Borocz, Lorinc"]
[Black "Sipos, Janos"]
[Result "0-1"]
[WhiteElo "1953"]
[BlackElo "2161"]
[PlyCount "76"]
[EventDate "2023.10.08"]
[EventType "team-tourn"]
[EventRounds "11"]
[EventCountry "HUN"]
[SourceTitle "EXT 2025"]
[Source "ChessBase"]
[SourceDate "2024.10.14"]
[SourceVersion "1"]
[SourceVersionDate "2024.10.14"]
[SourceQuality "1"]
[WhiteTeam "Csuti Hydro"]
[BlackTeam "Tuxera ANSK II"]
[WhiteTeamCountry "HUN"]
[BlackTeamCountry "HUN"]

1. e4 c5 2. Nf3 Nc6 3. d4 cxd4 4. Nxd4 g6 5. c4 Bg7 6. Be3 Nf6 7. Nc3 0-0 8. Be2 d6 9. 0-0 Bd7 10. Qd2 Qa5 11. f3 Rfc8 12. Rac1 Nxd4 13. Bxd4 Be6 14. b3 a6 15. Qb2 Rab8 16. b4 Qd8 17. Nd5 Bxd5 18. cxd5 Bh6 19. Rcd1 b5 20. Bd3 Nh5 21. g3 Qd7 22. f4 Bg7 23. Bxg7 Nxg7 24. Rc1 Ne8 25. Kg2 Nf6 26. Qd4 Rb7 27. Qe3 Rbc7 28. h3 Rc3 29. Rxc3 Rxc3 30. Qd4 Qc7 31. g4 Ra3 32. Rf2 Qc1 33. e5 Ne8 34. e6 fxe6 35. dxe6 Qd1 36. Qa7 Qxd3 37. Qxe7 Qxh3+ 38. Kg1 Rg3+ 0-1

[Event "HUN-chT1 Charousek 2324"]
[Site "Hungary"]
[Date "2024.03.10"]
[Round "8.12"]
[White "Borocz, Lorinc"]
[Black "Nagy, Lajos"]
[Result "1/2-1/2"]
[WhiteElo "1954"]
[BlackElo "1854"]
[PlyCount "49"]
[EventDate "2023.10.08"]
[EventType "team-tourn"]
[EventRounds "11"]
[EventCountry "HUN"]
[SourceTitle "EXT 2025"]
[Source "ChessBase"]
[SourceDate "2024.10.14"]
[SourceVersion "1"]
[SourceVersionDate "2024.10.14"]
[SourceQuality "1"]
[WhiteTeam "Csuti Hydro"]
[BlackTeam "Paks ASE II"]
[WhiteTeamCountry "HUN"]
[BlackTeamCountry "HUN"]

1. e4 e5 2. Nf3 Nc6 3. d4 exd4 4. Nxd4 Nf6 5. Nc3 Bb4 6. Nxc6 bxc6 7. Bd3 d5 8. exd5 0-0 9. 0-0 cxd5 10. Bf4 c6 11. Ne2 Bd6 12. Qd2 c5 13. Ng3 Rb8 14. b3 Rb4 15. Bxd6 Qxd6 16. Rad1 Rh4 17. Rfe1 Be6 18. Qg5 Qf4 19. Qxf4 Rxf4 20. Ne2 Rb4 21. c3 Rb6 22. Bc2 a5 23. Rb1 Rd8 24. Red1 Rbd6 25. Rd2 1/2-1/2

[Event "HUN-chT1 Charousek 2324"]
[Site "Hungary"]
[Date "2023.12.10"]
[Round "5.12"]
[White "Kaloczi, Kristof"]
[Black "Borocz, Lorinc"]
[Result "1/2-1/2"]
[WhiteElo "2086"]
[BlackElo "1922"]
[PlyCount "42"]
[EventDate "2023.10.08"]
[EventType "team-tourn"]
[EventRounds "11"]
[EventCountry "HUN"]
[SourceTitle "EXT 2025"]
[Source "ChessBase"]
[SourceDate "2024.10.14"]
[SourceVersion "1"]
[SourceVersionDate "2024.10.14"]
[SourceQuality "1"]
[WhiteTeam "Budapest MTK"]
[BlackTeam "Csuti Hydro"]
[WhiteTeamCountry "HUN"]
[BlackTeamCountry "HUN"]

1. e4 c5 2. Nf3 Nc6 3. d4 cxd4 4. Nxd4 Nf6 5. Nc3 e5 6. Ndb5 d6 7. Bg5 a6 8. Na3 b5 9. Nab1 Be7 10. Bxf6 Bxf6 11. a4 b4 12. Nd5 0-0 13. Bc4 Bb7 14. Qd3 a5 15. 0-0 Bg5 16. c3 Rc8 17. b3 bxc3 18. Nbxc3 Nd4 19. Nb5 Bxd5 20. Bxd5 Qb6 21. Bc4 Nxb5 1/2-1/2

[Event "Zalakaros Barczay Memorial"]
[Site "Zalakaros"]
[Date "2023.06.03"]
[Round "1"]
[White "Borocz, Lorinc"]
[Black "Pribelszky, Bence Daniel"]
[Result "0-1"]
[WhiteElo "1924"]
[BlackElo "2377"]
[PlyCount "86"]
[EventDate "2023.06.03"]
[EventType "swiss"]
[EventRounds "9"]
[EventCountry "HUN"]
[SourceTitle "CBM 214 Extra"]
[Source "ChessBase"]
[SourceDate "2023.07.31"]
[SourceVersion "1"]
[SourceVersionDate "2023.07.31"]
[SourceQuality "1"]

1. e4 g6 2. d4 Bg7 3. Nc3 a6 4. Be3 b5 5. a3 Bb7 6. Qd2 d6 7. f3 Nd7 8. 0-0-0 Rc8 9. Kb1 c5 10. g4 Ngf6 11. dxc5 Nxc5 12. Bh6 Bxh6 13. Qxh6 Ncxe4 14. fxe4 Rxc3 15. bxc3 Bxe4 16. Re1 Bxh1 17. Qg7 Kd7 18. g5 Rg8 19. Qxf7 Bd5 20. Bh3+ Kc6 21. Qxe7 Qxe7 22. Rxe7 Ne4 23. Bd7+ Kc5 24. Ne2 Rf8 25. Be6 Bxe6 26. Rxe6 Nxg5 27. Re7 Rf7 28. Re8 Rf2 29. h4 Nf3 30. Ng3 d5 31. h5 gxh5 32. Nxh5 Nd2+ 33. Ka2 Nc4 34. Rc8+ Kb6 35. Kb3 a5 36. Rb8+ Kc6 37. a4 bxa4+ 38. Kxa4 Rxc2 39. Rb1 Ra2+ 40. Kb3 Rh2 41. Nf4 Nd2+ 42. Kc2 Nxb1+ 43. Kxb1 Kc5 0-1

[Event "HUN-chT1 Charousek 2223"]
[Site "Hungary"]
[Date "2023.04.23"]
[Round "9.12"]
[White "Borocz, Lorinc"]
[Black "Nemeth, Attila Janos"]
[Result "1-0"]
[WhiteElo "1894"]
[BlackElo "1897"]
[PlyCount "41"]
[EventDate "2022.11.20"]
[EventType "team-tourn"]
[EventRounds "9"]
[EventCountry "HUN"]
[SourceTitle "EXT 2025"]
[Source "ChessBase"]
[SourceDate "2024.10.14"]
[SourceVersion "1"]
[SourceVersionDate "2024.10.14"]
[SourceQuality "1"]
[WhiteTeam "Csuti Hydro"]
[BlackTeam "Komlo Banyasz"]
[WhiteTeamCountry "HUN"]
[BlackTeamCountry "HUN"]

1. e4 g6 2. d4 Bg7 3. Nc3 d6 4. Be3 c6 5. Qd2 Nf6 6. f3 h5 7. 0-0-0 a5 8. Bd3 b5 9. e5 dxe5 10. dxe5 Ng8 11. Qf2 Bd7 12. e6 fxe6 13. Bxg6+ Kf8 14. Ne4 Qc8 15. Nc5 Nf6 16. Nh3 Nd5 17. Ng5 Bh6 18. f4 Kg7 19. Be4 Rf8 20. Bd4+ Kg8 21. Bh7# 1-0

[Event "HUN-chT2 Szechenyi 2223"]
[Site "Hungary"]
[Date "2023.03.12"]
[Round "7.9"]
[White "Borocz, Lorinc"]
[Black "Hadrik, Csaba"]
[Result "1-0"]
[WhiteElo "1874"]
[BlackElo "1821"]
[PlyCount "21"]
[EventDate "2022.11.20"]
[EventType "team-tourn"]
[EventRounds "9"]
[EventCountry "HUN"]
[SourceTitle "EXT 2025"]
[Source "ChessBase"]
[SourceDate "2024.10.14"]
[SourceVersion "1"]
[SourceVersionDate "2024.10.14"]
[SourceQuality "1"]
[WhiteTeam "Csuti Baki Agrocentrum"]
[BlackTeam "Sarvar"]
[WhiteTeamCountry "HUN"]
[BlackTeamCountry "HUN"]

1. e4 c5 2. Nf3 Nc6 3. d4 cxd4 4. Nxd4 g6 5. Nc3 Bg7 6. Be3 a6 7. Nd5 Rb8 8. Nf5 Kf8 9. Bb6 Qe8 10. Nc7 Qd8 11. Nxg7 1-0

[Event "HUN-chT1 Charousek 2223"]
[Site "Hungary"]
[Date "2023.02.12"]
[Round "5.12"]
[White "Mihalyfi, Gabor"]
[Black "Borocz, Lorinc"]
[Result "1/2-1/2"]
[WhiteElo "1957"]
[BlackElo "1848"]
[PlyCount "73"]
[EventDate "2022.11.20"]
[EventType "team-tourn"]
[EventRounds "9"]
[EventCountry "HUN"]
[SourceTitle "EXT 2025"]
[Source "ChessBase"]
[SourceDate "2024.10.14"]
[SourceVersion "1"]
[SourceVersionDate "2024.10.14"]
[SourceQuality "1"]
[WhiteTeam "Sentimento Ajka BSK II"]
[BlackTeam "Csuti Hydro"]
[WhiteTeamCountry "HUN"]
[BlackTeamCountry "HUN"]

1. d4 d5 2. g3 Nf6 3. Bg2 Bf5 4. Nf3 e6 5. 0-0 h6 6. c4 Nbd7 7. Nc3 c6 8. Re1 Be7 9. Ne5 Nxe5 10. dxe5 Ng4 11. cxd5 exd5 12. Qd4 h5 13. h3 Nh6 14. Bxh6 Rxh6 15. Rad1 Qb6 16. Qxb6 axb6 17. a3 Re6 18. f4 Bc5+ 19. e3 b5 20. Kh2 b4 21. axb4 Bxb4 22. Ra1 Rd8 23. Ra4 Bc5 24. e4 dxe4 25. Nxe4 Bxe4 26. Raxe4 g6 27. g4 hxg4 28. hxg4 Rd4 29. Kg3 Rd2 30. R1e2 Rxe2 31. Rxe2 f6 32. Be4 fxe5 33. fxe5 Bd4 34. Bd3 Bxe5+ 35. Kf3 g5 36. Bf5 Re7 37. b3 1/2-1/2

[Event "HUN-chT2 Szechenyi 2223"]
[Site "Hungary"]
[Date "2022.12.18"]
[Round "3.8"]
[White "Borocz, Lorinc"]
[Black "Szalay, Istvan"]
[Result "1-0"]
[WhiteElo "1783"]
[BlackElo "1479"]
[PlyCount "87"]
[EventDate "2022.11.20"]
[EventType "team-tourn"]
[EventRounds "9"]
[EventCountry "HUN"]
[SourceTitle "EXT 2025"]
[Source "ChessBase"]
[SourceDate "2024.10.14"]
[SourceVersion "1"]
[SourceVersionDate "2024.10.14"]
[SourceQuality "1"]
[WhiteTeam "Csuti Baki Agrocentrum"]
[BlackTeam "Arboretum Hereny KSE"]
[WhiteTeamCountry "HUN"]
[BlackTeamCountry "HUN"]

1. e4 c5 2. Nf3 e6 3. d4 d5 4. exd5 exd5 5. Be3 c4 6. Be2 Be7 7. 0-0 Nf6 8. h3 Nc6 9. b3 cxb3 10. axb3 a6 11. Ne5 0-0 12. Nd2 h6 13. Ndf3 Be6 14. Nxc6 bxc6 15. Bxa6 Nd7 16. Bd3 Qc7 17. Qd2 f5 18. Bf4 Bd6 19. Bxd6 Qxd6 20. Rxa8 Rxa8 21. Re1 Kf7 22. Ne5+ Nxe5 23. Rxe5 Kf6 24. Qf4 Qd7 25. g4 g5 26. Qf3 f4 27. Qe2 Re8 28. Bf5 Re7 29. Bxe6 Rxe6 30. Rxe6+ Qxe6 31. Qxe6+ Kxe6 32. Kf1 Kd6 33. Ke2 c5 34. Kd3 Kc6 35. c4 Kd6 36. cxd5 Kxd5 37. dxc5 Kxc5 38. Ke4 Kb4 39. Kf5 Kxb3 40. Kg6 Kc3 41. Kxh6 Kd3 42. Kxg5 f3 43. Kf4 Ke2 44. Kg3 1-0

[Event "HUN-chT2 Szechenyi 2122"]
[Site "Hungary"]
[Date "2022.03.20"]
[Round "8.12"]
[White "Somogyi, Barbara"]
[Black "Borocz, Lorinc"]
[Result "0-1"]
[WhiteElo "1715"]
[BlackElo "1554"]
[PlyCount "74"]
[EventDate "2021.10.10"]
[EventType "team-tourn"]
[EventRounds "9"]
[EventCountry "HUN"]
[SourceTitle "EXT 2025"]
[Source "ChessBase"]
[SourceDate "2024.10.14"]
[SourceVersion "1"]
[SourceVersionDate "2024.10.14"]
[SourceQuality "1"]
[WhiteTeam "Sentimento Ajka BSK"]
[BlackTeam "Csuti Baki Agrocentrum"]
[WhiteTeamCountry "HUN"]
[BlackTeamCountry "HUN"]

1. e4 c5 2. Nf3 Nc6 3. d4 cxd4 4. Nxd4 Nf6 5. Nc3 e5 6. Ndb5 d6 7. Bg5 a6 8. Na3 b5 9. Nd5 Be7 10. Bxf6 Bxf6 11. c3 Bg5 12. Nc2 Rb8 13. Ncb4 Nxb4 14. Nxb4 Bb7 15. Qd3 0-0 16. Rd1 Qf6 17. Be2 Rbd8 18. 0-0 Qg6 19. Bf3 h5 20. Nd5 Qh6 21. Rfe1 g6 22. h3 Kh8 23. g3 h4 24. Kg2 Bc8 25. Rh1 f5 26. Rdf1 Rf7 27. Rh2 Rdf8 28. exf5 gxf5 29. Be2 f4 30. gxf4 Bxf4 31. Nxf4 Qxf4 32. Kg1 Bb7 33. Bg4 Be4 34. Qe2 Bd5 35. b3 Rg8 36. c4 Bf3 37. Qd3 Rxg4+ 0-1

[Event "HUN-chT2 Szechenyi 2122"]
[Site "Hungary"]
[Date "2021.10.31"]
[Round "2.12"]
[White "Borocz, Lorinc"]
[Black "Andras, Ferenc"]
[Result "1/2-1/2"]
[WhiteElo "1322"]
[BlackElo "1362"]
[PlyCount "89"]
[EventDate "2021.10.10"]
[EventType "team-tourn"]
[EventRounds "9"]
[EventCountry "HUN"]
[SourceTitle "EXT 2025"]
[Source "ChessBase"]
[SourceDate "2024.10.14"]
[SourceVersion "1"]
[SourceVersionDate "2024.10.14"]
[SourceQuality "1"]
[WhiteTeam "Csuti Baki Agrocentrum"]
[BlackTeam "Sarvar"]
[WhiteTeamCountry "HUN"]
[BlackTeamCountry "HUN"]

1. e4 d5 2. exd5 Qxd5 3. Nc3 Qa5 4. d4 Nf6 5. Bc4 c6 6. Nf3 Bf5 7. 0-0 e6 8. Re1 Nbd7 9. Bd2 Qc7 10. h3 0-0-0 11. Ne5 Nxe5 12. dxe5 Nd7 13. Bf4 Nb6 14. Bd3 Bc5 15. Qe2 Bxd3 16. cxd3 Nd5 17. Bg5 Rd7 18. Rad1 h6 19. Bc1 Qb6 20. Na4 Qa5 21. Nxc5 Qxc5 22. d4 Qb4 23. Qc2 Rhd8 24. a3 Qb6 25. Be3 Qb5 26. Qc5 Qxc5 27. dxc5 Nxe3 28. Rxd7 Rxd7 29. Rxe3 Rd5 30. b4 Kd7 31. Kf1 Rd4 32. Ke2 a5 33. Rd3 Rxd3 34. Kxd3 axb4 35. axb4 Kc7 36. Kd4 Kd7 37. f4 Ke7 38. g4 g6 39. g5 h5 40. Kc4 Kd7 41. b5 Kc7 42. b6+ Kd7 43. Kd4 Ke7 44. Ke4 Kd7 45. Ke3 1/2-1/2

[Event "HUN-chT2 Szechenyi 2122"]
[Site "Hungary"]
[Date "2021.10.10"]
[Round "1.12"]
[White "Beznicza, Mira"]
[Black "Borocz, Lorinc"]
[Result "1/2-1/2"]
[WhiteElo "1513"]
[BlackElo "1322"]
[PlyCount "56"]
[EventDate "2021.10.10"]
[EventType "team-tourn"]
[EventRounds "9"]
[EventCountry "HUN"]
[SourceTitle "EXT 2025"]
[Source "ChessBase"]
[SourceDate "2024.10.14"]
[SourceVersion "1"]
[SourceVersionDate "2024.10.14"]
[SourceQuality "1"]
[WhiteTeam "Spartacus Sportkor"]
[BlackTeam "Csuti Baki Agrocentrum"]
[WhiteTeamCountry "HUN"]
[BlackTeamCountry "HUN"]

1. e4 c5 2. Nc3 Nc6 3. d3 d6 4. Be3 Nf6 5. g3 e6 6. Bg2 Be7 7. Nf3 d5 8. exd5 exd5 9. d4 Bg4 10. Ne2 Bxf3 11. Bxf3 c4 12. 0-0 0-0 13. Bg2 Qb6 14. Rb1 Rfd8 15. Nf4 Bf8 16. h4 Ne7 17. Bh3 Ng6 18. Nxg6 hxg6 19. c3 Ne4 20. Bg2 Qe6 21. Re1 Re8 22. Bf4 Qf5 23. Bxe4 Rxe4 24. Qd2 Rae8 25. Rxe4 Qxe4 26. Rd1 Re6 27. b3 b5 28. Rf1 Ba3 1/2-1/2